| 000 | 00456nam a2200157 i 4500 | ||
|---|---|---|---|
| 001 | 101437 | ||
| 003 | ES-MaACL | ||
| 005 | 20230906182917.0 | ||
| 007 | t| | ||
| 008 | 051018s1972 sp ||||1| spa d | ||
| 100 | 1 |
_aMazzanti, Alcides. _979496 |
|
| 245 | 1 | 0 |
_aManual completo de motonáutica / _cAlcides Mazzanti. |
| 260 |
_aBarcelona : _bDe Vecchi, _c1972. |
||
| 300 |
_a238 p. con 23 lám. neg. y col. : _bil. ; _c24 cm. |
||
| 852 |
_aES-MaACL _jC-48914 |
||
| 999 |
_c101437 _d101437 |
||